爱是回家的路 (Record no. 45784)

000 -LEADER
fixed length control field 00478nam a22001937a 4500
003 - CONTROL NUMBER IDENTIFIER
control field MPLRDC
005 - DATE AND TIME OF LATEST TRANSACTION
control field 20220104144034.0
008 - FIXED-LENGTH DATA ELEMENTS--GENERAL INFORMATION
fixed length control field 210129b ||||| |||| 00| 0 eng d
020 ## - INTERNATIONAL STANDARD BOOK NUMBER
International Standard Book Number 957-8431-63-5
082 ## - DEWEY DECIMAL CLASSIFICATION NUMBER
Classification number 544.186 PIP
100 ## - MAIN ENTRY--PERSONAL NAME
Personal name MARY PIPHER
245 ## - TITLE STATEMENT
Title 爱是回家的路
Statement of responsibility, etc. 林亚君译
250 ## - EDITION STATEMENT
Edition statement 初版
260 ## - PUBLICATION, DISTRIBUTION, ETC.
Place of publication, distribution, etc.
Name of publisher, distributor, etc. 大村出版社
Date of publication, distribution, etc. 1998
300 ## - PHYSICAL DESCRIPTION
Other physical details
490 ## - SERIES STATEMENT
Series statement 智慧生活文库. Z040
650 ## - SUBJECT ADDED ENTRY--TOPICAL TERM
Topical term or geographic name entry element 家庭辅导
942 ## - ADDED ENTRY ELEMENTS (KOHA)
Koha item type Book
-- 544.186 PIP
Holdings
Withdrawn status Lost status Source of classification or shelving scheme Damaged status Not for loan Collection code Home library Current library Shelving location Date acquired Cost, normal purchase price Total Checkouts Full call number Barcode Date last seen Date last checked out Price effective from Koha item type Public note
            Malaysian Public Library, Research and Development Centre Malaysian Public Library, Research and Development Centre   10/12/2007 15.00   544.186 PIP 00045936 18/03/2021 08/03/2015 18/03/2021 Book mplrdc

© 2022. Malaysian Public Library, Research and Development Centre. All Right ReservedE-mailmplrdc@help.edu.my 

Powered by Koha